50 personnages Desperates Housewives - Statistiques

Statistiques générales
  • Ce quiz a été pris 2 261 fois
  • Le résultat moyen est 24 sur 50
Statistiques - réponses
Hint Réponse % Correct
1 Bree Van de Kamp
93%
11 Gabrielle Solis
92%
18 Lynette Scavo
90%
14 Carlos Solis
88%
19 Tom Scavo
88%
29 Mike Delfino
86%
3 Andrew Van de Kamp
85%
12 Juanita Solis
85%
2 Rex Van de Kamp
84%
28 Julie Mayer
83%
20 Porter Scavo
82%
26 Susan Delfino
82%
4 Danielle Van de Kamp
81%
21 Preston Scavo
81%
23 Penny Scavo
79%
13 Celia Solis
78%
27 Karl Mayer
78%
22 Parker Scavo
77%
30 MJ Delfino
72%
5 Orson Hodge
69%
32 Edie Britt
67%
8 Mary Alice Young
61%
24 Paige Scavo
60%
9 Paul Young
60%
10 Zach Young
52%
33 Katherine Mayfair
40%
34 Betty Applewhite
34%
38 Renée Perry
34%
37 Karen McCluskey
31%
43 Angie Bolen
30%
36 Caleb Applewhite
28%
41 Martha Huber
27%
35 Matthew Applewhite
27%
45 Danny Bolen
26%
6 George Williams
24%
44 Nick Bolen
24%
15 John Rowland
23%
42 Felicia Tilman
20%
39 Bob Hunter
19%
40 Lee McDermott
18%
17 Yao Lin
14%
50 Chuck Vance
13%
16 Victor Lang
13%
48 Ben Faulkner
12%
47 Doug Perry
9%
25 Kayla Huntington
7%
31 Jackson Braddock
4%
7 Trip Weston
4%
46 Patrick Logan
3%
49 Maxine
2%
Aucun quiz correspondant
Distribution des résultats
% des personnes avec chaque résultat
Percentile par nombre de réponses
Votre historique - résultats
Vous n’avez pas pris ce quiz